| 000 | 00534nam a2200253Ia 4500 | ||
|---|---|---|---|
| 008 | 210210b1944 xxu||||| |||| 00| 0 eng d | ||
| 041 | _aeng | ||
| 082 | _a381/72 | ||
| 100 | _aVAISH (Jai Narayan) | ||
| 245 | _aBook keeping and accounts Part 1 Ed 3 | ||
| 250 | _a | ||
| 260 |
_aNew Delhi _b- _c1944 |
||
| 300 | _aviii,358 | ||
| 440 | _a1 | ||
| 650 | _aPart | ||
| 650 | _akeeping | ||
| 650 | _aEd | ||
| 650 | _aBook | ||
| 650 | _aaccounts | ||
| 650 | _a3 | ||
| 650 | _a1 | ||
| 690 | _aAccountancy | ||
| 906 | _a005118 | ||
| 999 |
_c124921 _d124921 |
||